Reformas monetarias en América Latina: el caso de Nicaragua /
La política económica adoptada por el gobierno nicaraguense se encamina a revalorizar su moneda, así como a lograr la unificación de las tasas de cambio , el reajustes de precios y salarios y la revalorización de activos financieros. Se analiza la evolución de la economía nicaraguense, enfatizando l...
Guardat en:
| Autor principal: | |
|---|---|
| Format: | Text |
| Matèries: | |
| Etiquetes: |
Afegir etiqueta
Sense etiquetes, Sigues el primer a etiquetar aquest registre!
|
MARC
| LEADER | 00000 a a2200000 04500 | ||
|---|---|---|---|
| 001 | 8696 | ||
| 003 | |||
| 040 | |||
| 100 | |a Gutiérrez de Paula, Francisco | ||
| 245 | |a Reformas monetarias en América Latina: |b el caso de Nicaragua / |c Francisco Gutiérrez de Paula | ||
| 520 | |a La política económica adoptada por el gobierno nicaraguense se encamina a revalorizar su moneda, así como a lograr la unificación de las tasas de cambio , el reajustes de precios y salarios y la revalorización de activos financieros. Se analiza la evolución de la economía nicaraguense, enfatizando los problemas principales a los cuales debe de enfrentarse. Se describen las medidas adoptadas en febrero de 1988 y algunas acciones tomadas después de la reforma. En una tercera parte, se realiza una serie de comentarios sobre estas políticas para, finalmente señalar las experiencias que pueden sustraerse con respecto a las reformas económicas de este país. OB/EL | ||
| 650 | |a POLITICA MONETARIA | ||
| 650 | |a POLITICA ECONOMICA | ||
| 650 | |a TIPO DE CAMBIO | ||
| 650 | |a PRECIOS | ||
| 650 | |a SALARIOS | ||
| 650 | |a RECESION ECONOMICA | ||
| 650 | |a INFLACION | ||
| 650 | |a POBREZA | ||
| 650 | |a CONDICIONES DE VIDA | ||
| 773 | |g número 2 (1988), páginas 1, 6 y 7 | ||
| 999 | |c 30368 |d 30368 | ||
